00636nam a22001937a 450000500170000001000240001702000260004103500130006703500130008003700200009303700260011308200110013910000200015024500960017025000110026626000420027727000850031930000380040420190802101456.0 aB-728121 B-728291 a9789387067547c625.00 aB-728121 aB-728291 bPANSY BOOKS(RP) bAksharesh Enterprises a709.54 aSinghania,Nitin aIndian art and culture for UPSC and state civil services examinations /cby Nitin Singhania a2nd ed aChennaibMc Graw Hill Educationc2018 a444/1, Sri Ekambara Naicker Industrial Estate, Alapakkam, PorurbChennaie600116 avarious pagings:c24cm(pbk)bill.